| 000 | 00705nam a2200217Ia 4500 | ||
|---|---|---|---|
| 999 |
_c36054 _d36054 |
||
| 001 | 1954 | ||
| 003 | GE_BSU | ||
| 005 | 20190424150622.0 | ||
| 008 | 181216s2007||||ru |||||||||||||| ||rus|| | ||
| 020 | _a5699189912 | ||
| 040 | _cGE_BSU | ||
| 041 | _arus | ||
| 080 | _a375.1(035) Г-61 | ||
| 100 |
_aГоловистикова, Анастасия Николаевна. _9469 |
||
| 245 |
_aГражданство : _bСправочник по правовым вопросам / _cА. Н. Головистикова. |
||
| 264 |
_aМосква : _bЭксмо, _c2007. |
||
| 300 | _a544 стр. | ||
| 653 | _aსამართალი | ||
| 653 | _aმოქალაქეობა | ||
| 942 |
_cBK _2udc |
||